Tratado práctico de medicina de urgencia / (Record no. 23262)

MARC details
000 -LEADER
campo de control de longitud fija 00637nam a2200181 i 4500
001 - NÚMERO DE CONTROL
campo de control 23262
003 - IDENTIFICADOR DE NÚMERO DE CONTROL
campo de control ES-MaACL
005 - FECHA Y HORA DE LA ÚLTIMA TRANSACCIÓN
campo de control 20230906152836.0
007 - CAMPO FIJO DE DESCRIPCIÓN FÍSICA--INFORMACIÓN GENERAL
campo de control de longitud fija t|
008 - DATOS DE LONGITUD FIJA--INFORMACIÓN GENERAL
campo de control de longitud fija 021209s1956 sp ||||1| spa d
245 00 - MENCIÓN DEL TÍTULO
Título Tratado práctico de medicina de urgencia /
Mención de responsabilidad, etc. dirigida por C. Allan Birch ; [versión española de la 4ª edición inglesa por T. Morato Cárdenas y B. Cordón Bonet].
260 ## - PUBLICACIÓN, DISTRIBUCIÓN, ETC.
Lugar de publicación, distribución, etc. Madrid :
Nombre del editor, distribuidor, etc. Alhambra,
Fecha de publicación, distribución, etc. 1956.
300 ## - DESCRIPCIÓN FÍSICA
Extensión 612 p. :
Otras características físicas il. ;
Dimensiones 22 cm.
700 1# - ENTRADA AGREGADA--NOMBRE PERSONAL
Nombre de persona Morato Cárdenas, Teófilo.
9 (RLIN) 83164
700 1# - ENTRADA AGREGADA--NOMBRE PERSONAL
Nombre de persona Cordón Bonet, B.
9 (RLIN) 40560
700 1# - ENTRADA AGREGADA--NOMBRE PERSONAL
Nombre de persona Allan Birch, C.
9 (RLIN) 19958
852 ## - LOCALIZACIÓN
Ubicación ES-MaACL
Número de control de estantería C-11324
Sublocalización o colección R.39441
Holdings
Estatus retirado Estado de pérdida Estado de daño No para préstamo Biblioteca de origen Biblioteca actual Ubicación en estantería Fecha de adquisición Fuente de adquisición Total de préstamos Signatura topográfica completa Código de barras Visto por última vez Precio de reemplazo Tipo de ítem Koha
        Biblioteca del Ateneo de Madrid Biblioteca del Ateneo de Madrid Sala Palomar 17/01/2008     C-11324 1023967 23/02/2023 23/02/2023 Libro impreso